MARC details
| 000 -LEADER |
| fixed length control field |
00910nam a2200241Ia 4500 |
| 003 - CONTROL NUMBER IDENTIFIER |
| control field |
IN-BaIIA |
| 008 - FIXED-LENGTH DATA ELEMENTS--GENERAL INFORMATION |
| fixed length control field |
211028s9999 xx 000 0 eng d |
| 020 ## - INTERNATIONAL STANDARD BOOK NUMBER |
| International Standard Book Number |
0-937707-45-7 |
| 040 ## - CATALOGING SOURCE |
| Transcribing agency |
IIA Library |
| 080 ## - UNIVERSAL DECIMAL CLASSIFICATION NUMBER |
| Universal Decimal Classification number |
082.2:52 |
| Item number |
ASP-26 |
| 111 ## - MAIN ENTRY--MEETING NAME |
| Meeting name or jurisdiction name as entry element |
Cambridge Workshop |
| Number of part/section/meeting |
7th |
| Location of meeting |
Arizona |
| Date of meeting or treaty signing |
1991 Oct. 9-12 |
| 9 (RLIN) |
18708 |
| 245 #0 - TITLE STATEMENT |
| Title |
Cool stars, stellar systems and the sun |
| Remainder of title |
seventh Cambridge workshop held in Tucson, Arizona, 9-12 Oct 1991 |
| Statement of responsibility, etc. |
edited by M. S. Giampapa and J. A. Bookbinder |
| 260 ## - PUBLICATION, DISTRIBUTION, ETC. |
| Place of publication, distribution, etc. |
San Francisco |
| Name of publisher, distributor, etc. |
Astronomical Society of the Pacific |
| Date of publication, distribution, etc. |
1992 |
| 300 ## - PHYSICAL DESCRIPTION |
| Extent |
xv, 710p. |
| 490 ## - SERIES STATEMENT |
| Series statement |
ASP conference series; v. 26 |
| 650 ## - SUBJECT ADDED ENTRY--TOPICAL TERM |
| Topical term or geographic name entry element |
Astronomy and astrophysics thesaurus |
| 650 ## - SUBJECT ADDED ENTRY--TOPICAL TERM |
| Topical term or geographic name entry element |
Cool stars |
| 9 (RLIN) |
5425 |
| 650 ## - SUBJECT ADDED ENTRY--TOPICAL TERM |
| Topical term or geographic name entry element |
Stellar systems |
| 9 (RLIN) |
3271 |
| 650 ## - SUBJECT ADDED ENTRY--TOPICAL TERM |
| Topical term or geographic name entry element |
Sun |
| 9 (RLIN) |
1200 |
| 700 ## - ADDED ENTRY--PERSONAL NAME |
| Personal name |
Bookbinder, J. A., ed. |
| 9 (RLIN) |
18709 |
| 700 ## - ADDED ENTRY--PERSONAL NAME |
| Personal name |
Giampapa, M. S., ed. |
| 9 (RLIN) |
18077 |
| 942 ## - ADDED ENTRY ELEMENTS (KOHA) |
| Koha item type |
Books |
| 952 ## - LOCATION AND ITEM INFORMATION (KOHA) |
| -- |
40.00 |